01046nam a22002172a 45000010005000000030008000050050017000130080041000300350018000710400042000890410011001310820024001421000023001662450071001892600054002603000031003145040029003455050377003746500024007517000053007759866BD-RjUL20211208234843.0140122t1960 caua b 000 0 eng d a(BD-RjUL)9911 aDLCcDZMdSERdUKMdEQOdBD-RjULbeng0 aenglat a520.1216bQUA 19600 aQurra, Thābit B.04aThe astronomical works of Thabit b. Qurra /cby Francis J. Carmody aBerkeley :bUniversity of California Press,c1960 a262 p. :bdiagrs. ;c26 cm aBibliography: p. [11]-120 aThâbit's life and works. Thâbit's translations and revisions.--The minor Arabic tracts.--De anno solis. Latin text.--The four Latin tracts: De motu octaue spere. Versio M. Versio N.--The three other tracts. Latin texts.--De figura sectore.--De imaginibus. Latin texts.--Appendices: Critical method. Linguistic analysis. Specimens. Manuscripts not reported.--Glossaries 0aAstronomy, Medieval1 aCarmody, Francis J.q(Francis James),d1907-1982